000 00245nam a2200109Ia 4500
005 20251222141846.0
008 251222s9999||||xx |||||||||||||| ||spa||
082 _a922.244.4/P25
100 _aPapinutti, E.
245 0 _aCarlo Román:
942 _cLIB
999 _c7592
_d7592